000 00682nam a2200265Ia 4500
003 OSt
005 20221007111827.0
006 a|||||r|||| 00| 0
007 ta
008 221006b |||||||| |||| 00| 0 eng d
020 _a9788177335606
024 _a24,373
037 _cTextual
040 _aLCO
_cLCO
_beng
041 _2eng
_aeng
082 _aZ2,315, P9
100 _aJain D.K.
245 0 _aLaw and Procedure of Limited Liability Partnership
250 _a2nd
260 _aNew
_bDelhi Bharat Law House Pvt. Ltd. India
_c2009
300 _a720
650 _aPARTNERSHIP
942 _hZ2,315, P9
_cTEXL
999 _c1193936
_d1193936